Football #2 - Statistics

General Stats
  • This quiz has been taken 2 times
  • The average score is 13 of 17
Answer Stats
Hint Answer % Correct
Attempts To Get A First Down 4
100%
Down That Teams Tend To Punt On 4th Down
100%
Number of Points For A Touchdown 6
100%
Total Number of Minutes In An NFL Football Game 60
100%
Team That Plays In New York Bills/Giants/Jets
100%
Quarterback of The Broncos (As of 2025) Bo Nix
100%
Team That Plays In California Chargers/Rams/49ers
100%
Team That Plays In Florida Jaguars/Buccaneers/Dolphins
100%
Green Bay _______ Packers
100%
Penalty When A Player Tackles/Runs Into The Kicker Running The Kicker/Roughing The Kicker
100%
What Team Is Located In Tennessee Titans
100%
Yard Line The Ball Is Kicked Off From 35 Yard Line
50%
Number 4 On The Bears (As of 2025) D'Andre Swift
50%
Running Back For The Colts (As of 2025) Jonathan Taylor
50%
Quarterback of The Rams (As of 2025) Matthew Stafford
50%
Kicker For The Bears Cairo Santos
0%
Running Back For The Bengals (As of 2025) Chase Brown
0%
No matching quizzes found
Score Distribution
Percent of People with Each Score
Percentile by Number Answered
Your Score History
You have not taken this quiz